Statistics for Countries with the most wins in these Events

Click here to take the quiz!

General Stats

  • This quiz has been taken 102 times
    (50 since last reset)
  • The average score is 32 of 37

Answer Stats

Most FIFA World Cup Wins5Brazil% Correct
Most FIFA World Cup Wins5Brazil
100%
Most FIFA Confederations Cup Wins4Brazil
100%
Most Basketball World Cup Wins2Brazil
100%
Most Olympic Medals824France
100%
Most Eurovision Wins5France
100%
Most FIFA Confederations Cup Wins2France
100%
Most FIFA World Cup Wins2France
100%
Most Baseball World Cup Wins1Great Britain
100%
Most Olympic Medals873Great Britain
100%
Most Eurovision Wins5United Kingdom
100%
Most Olympic Medals2802United States
100%
Most Baseball World Cup Wins4United States
100%
Most Basketball World Cup Wins5United States
100%
Most FIFA Confederations Cup Wins1Germany
98%
Most FIFA World Cup Wins4Germany
98%
Most Olympic Medals824Germany
98%
Most FIFA World Cup Wins4Italy
98%
Most Basketball World Cup Wins2Spain
98%
Most FIFA Confederations Cup Wins1Argentina
94%
Most FIFA World Cup Wins2Argentina
94%
Most Eurovision Wins6Sweden
92%
Most Baseball World Cup Wins25Cuba
88%
Most FIFA Confederations Cup Wins1Mexico
88%
Most Basketball World Cup Wins3Soviet Union
88%
Most Olympic Medals1204Soviet Union
88%
Most Baseball World Cup Wins1Netherlands
84%
Most Eurovision Wins5Netherlands
84%
Most FIFA World Cup Wins2Uruguay
82%
Most Eurovision Wins7Ireland
80%
Most Baseball World Cup Wins1South Korea
72%
Most FIFA Confederations Cup Wins1Denmark
68%
Most Baseball World Cup Wins3Venezuela
68%
Most Baseball World Cup Wins2Colombia
66%
Most Baseball World Cup Wins1Dominican Republic
60%
Most Basketball World Cup Wins5Yugoslavia
48%
Most Eurovision Wins5Luxembourg
38%
Most Baseball World Cup Wins1Puerto Rico
26%

Score Distribution

Percentile by Number Answered

Percent of People with Each Score

Your Score History

You have not taken this quiz since the last reset